Föderierte Staaten von Mikronesien-Quiz - Statistiken

Allgemein
  • Dieses Quiz wurde 866 mal gespielt
  • Das Durchschnittsergebnis liegt bei 8 aus 14
Antwortstatistiken
Frage Antwort % Korrekt
Amtssprache Englisch
92%
Land, das 1947–1986 die FSM verwaltete Vereinigte Staaten
88%
Währung US-Dollar
87%
Die FSM haben davon 607 Inseln
83%
Land, dessen Truppen 1914 die Inseln übernahm Japan
82%
Land, das die FSM 1574–1899 kolonisierte Spanien
81%
Land, das die FSM 1899 vom obigen Land abkauften Deutschland
71%
Beliebteste Sportart Baseball
58%
Hauptstadt Palikir
58%
Auf der Insel Yap befinden sich zahlreiche ringförmige Steine, auch als Rai bekannt; manche haben einen Durchmesser von 3.6 m. Wozu wurden diese ehemals verwendet? Geld
34%
Mikronesischer Archipel, das die FSM und Palau umfasst, benannt nach dem spanischen König Karl II. Karolinen
24%
Meistgesprochene einheimische Sprache {Chuuk}esisch
21%
Größte Stadt Weno
21%
Flächengrößte Insel Pohnpei
20%
Keine übereinstimmenden Quizze gefunden
Verteilung der Resultate
Anzahl Personen mit jedem Resultat
Perzentil nach korrekt beantworteten Fragen
Ihre Resultats-Entwicklung
Sie haben dieses Quiz noch nicht gespielt